A carregar...

In defence of marxism/

Detalhes bibliográficos
Autor principal: Trotsky, Leon
Formato: Printed Book
Idioma:English
Publicado em: New Delhi: Aakar, 2017.
LEADER 00408nam a22001337a 4500
008 171003b xxu||||| |||| 00| 0 eng d
020 |a 978-93-5002-184-2 
100 |a Trotsky, Leon. 
245 |a In defence of marxism/ 
260 |a New Delhi:  |b Aakar,  |c 2017. 
300 |a 263p. 
942 |c BK 
999 |c 342379  |d 342379 
952 |0 0  |1 0  |4 0  |7 0  |9 392876  |a POL  |b POL  |c ST1  |d 2017-10-03  |i POL2666  |l 0  |p POL2666  |r 2017-10-03  |w 2017-10-03  |y BK